Thunder out of China

Shranjeno v:
Bibliografske podrobnosti
Glavni avtor: White, Theodore H.
Format: Knjiga
Jezik:Undetermined
Izdano: New York William Sloane Associates 1946
Teme:
Oznake: Označite
Brez oznak, prvi označite!
Thư viện lưu trữ: Trung tâm Học liệu Trường Đại học Cần Thơ
LEADER 00541nam a2200193Ia 4500
001 CTU_89373
008 210402s9999 xx 000 0 und d
082 |a 951.042 
082 |b W581 
100 |a White, Theodore H. 
245 0 |a Thunder out of China 
245 0 |c Theodore H. White 
260 |a New York 
260 |b William Sloane Associates 
260 |c 1946 
650 |a World war, 1939-1945,Reconstruction (1939-1951) 
650 |z China,China 
904 |i Tuyến 
980 |a Trung tâm Học liệu Trường Đại học Cần Thơ